000 00300nam a22001337a 4500
008 171102b xxu||||| |||| 00| 0 eng d
020 _a9780471159056
041 _aeng
080 _27 ED
_a339.138
100 _a60
101 _aMAR
245 _aMARKETING MISTAKES
_cROBERT.F.H
942 _2udc
_cBK
999 _c37262
_d37262